Head start - part of a multi-pronged anti-poverty effort for children and their families...before the beginning : a participant's view (Record no. 69747)

MARC details
000 -CABECERA
campo de control de longitud fija 00721nam a2200229 a 4500
005 - FECHA Y HORA DE LA ÚLTIMA TRANSACCIÓN
campo de control 20210219153146.0
008 - ELEMENTOS DE LONGITUD FIJA--INFORMACIÓN GENERAL
campo de control de longitud fija 991125n 000 0 u
035 ## - NÚMERO DE CONTROL DEL SISTEMA
Número de control de sistema UPN01000081083
100 ## - ASIENTO PRINCIPAL--NOMBRE PERSONAL
Nombre de persona Greenberg, Polly
222 ## - TÍTULO CLAVE
Título clave YOUNG CHILDREN
245 ## - MENCIÓN DE TÍTULO
Título Head start - part of a multi-pronged anti-poverty effort for children and their families...before the beginning : a participant's view
300 ## - DESCRIPCIÓN FÍSICA
Extensión 40-52
362 ## - FECHAS DE PUBLICACIÓN Y/O DESIGNACIÓN SECUENCIAL
Fecha de publicación y/o designación secuencial 45, No. 6, 1990
505 ## - NOTA DE CONTENIDO CON FORMATO PREESTABLECIDO
Nota de contenido con formato Febrero 1991
653 0# - TERMINO DE INDIZACION - NO CONTROLADO
Término no controlado EDUCACION COMPENSATORIA
653 0# - TERMINO DE INDIZACION - NO CONTROLADO
Término no controlado EDUCACION DE LA PRIMERA INFANCIA
653 0# - TERMINO DE INDIZACION - NO CONTROLADO
Término no controlado PARTICIPACION DE LOS PADRES
653 0# - TERMINO DE INDIZACION - NO CONTROLADO
Término no controlado SERVICIOS DE SALUD
653 0# - TERMINO DE INDIZACION - NO CONTROLADO
Término no controlado SERVICIOS SOCIALES
904 ## - ELEMENTOS DE DATOS D LOCAL, LDD (RLIN)
a AC
b 018894
905 ## - TIPO DE MATERIAL
Tipo de material Articulo

No items available.